[Event "Cheliabinsk Panchenko Memorial op-B"]
[Site "Cheliabinsk"]
[Date "2022.09.19"]
[Round "8"]
[White "Nur Mukhametova, Alisa"]
[Black "Ghukasyan, Siranush"]
[Result "1-0"]
[WhiteElo "2034"]
[BlackElo "2154"]
[PlyCount "81"]
[EventDate "2022.09.12"]
[EventType "swiss"]
[EventRounds "10"]
[EventCountry "RUS"]
[SourceTitle "CBM 210 Extra"]
[Source "ChessBase"]
[SourceDate "2022.11.30"]
[SourceVersion "1"]
[SourceVersionDate "2022.11.30"]
[SourceQuality "1"]

1. d4 d5 2. c4 c6 3. Nc3 Nf6 4. Nf3 e6 5. Qd3 Nbd7 6. g3 Bb4 7. Bg2 Ne4 8. 0-0 Nxc3 9. bxc3 Be7 10. e4 dxe4 11. Qxe4 0-0 12. c5 b6 13. Qxc6 Ba6 14. Re1 Qc8 15. Nd2 Rb8 16. Qxc8 Rbxc8 17. c6 Nb8 18. d5 Bf6 19. Ne4 exd5 20. Nxf6+ gxf6 21. Ba3 Rfd8 22. Be7 Re8 23. Bxf6 Bc4 24. c7 Nd7 25. Bd8 Rf8 26. Bh3 f5 27. Re3 Nc5 28. Re5 Bd3 29. Rxd5 Be4 30. Re5 Bc2 31. Rc1 Be4 32. Rd1 Kg7 33. Rd4 Bb1 34. Rd1 Be4 35. a4 Rf7 36. a5 Bc2 37. Rd2 Be4 38. f3 Bb1 39. g4 Nd3 40. Rxf5 Rd7 41. Rb5 1-0

[Event "Cheliabinsk Panchenko Memorial op-B"]
[Site "Cheliabinsk"]
[Date "2022.09.13"]
[Round "2"]
[White "Ghukasyan, Siranush"]
[Black "Kozlova, Olga1111"]
[Result "1-0"]
[WhiteElo "2154"]
[BlackElo "1667"]
[PlyCount "63"]
[EventDate "2022.09.12"]
[EventType "swiss"]
[EventRounds "10"]
[EventCountry "RUS"]
[SourceTitle "CBM 210 Extra"]
[Source "ChessBase"]
[SourceDate "2022.11.30"]
[SourceVersion "1"]
[SourceVersionDate "2022.11.30"]
[SourceQuality "1"]

1. e4 c5 2. Nf3 d6 3. c3 Nf6 4. Be2 g6 5. 0-0 Bg7 6. Re1 0-0 7. Bf1 Nc6 8. h3 b6 9. d4 cxd4 10. cxd4 d5 11. e5 Ne8 12. Nc3 Nc7 13. Be3 f6 14. exf6 Bxf6 15. Bh6 Re8 16. Rc1 Bb7 17. Ne5 e6 18. Nb5 Bxe5 19. dxe5 Nxb5 20. Bxb5 Qh4 21. Qd2 Rec8 22. Rc3 Qe7 23. Bg5 Qd7 24. Rg3 Qf7 25. h4 Ne7 26. Bxe7 Qxe7 27. h5 Qg7 28. hxg6 hxg6 29. Bd3 Kf7 30. Rxg6 Qh8 31. Qf4+ Ke7 32. Qg5+ 1-0

[Event "Cheliabinsk Kurnosov Memorial Rapid-B"]
[Site "Cheliabinsk"]
[Date "2022.09.10"]
[Round "8"]
[White "Nurgali, Nazerke"]
[Black "Ghukasyan, Siranush"]
[Result "1/2-1/2"]
[WhiteElo "2177"]
[BlackElo "2154"]
[PlyCount "52"]
[EventDate "2022.09.09"]
[EventType "swiss (rapid)"]
[EventRounds "11"]
[EventCountry "RUS"]
[SourceTitle "CBM 210 Extra"]
[Source "ChessBase"]
[SourceDate "2022.11.30"]
[SourceVersion "1"]
[SourceVersionDate "2022.11.30"]
[SourceQuality "1"]

1. d4 d5 2. Nf3 Nf6 3. c4 e6 4. Nc3 c6 5. Bg5 Be7 6. e3 0-0 7. Bd3 Nbd7 8. 0-0 b6 9. Rc1 Bb7 10. Qe2 Rc8 11. Rfd1 c5 12. cxd5 Nxd5 13. Bxe7 Qxe7 14. Ba6 Bxa6 15. Qxa6 N7f6 16. Nxd5 Nxd5 17. a3 Rc7 18. dxc5 Rxc5 19. h3 Ra5 20. Qd3 Rc5 21. Nd4 Rfc8 22. Nb3 Rxc1 23. Rxc1 Rxc1+ 24. Nxc1 Qc7 25. Ne2 h6 26. Nc3 Nxc3 1/2-1/2

[Event "WchT (Women) Final"]
[Site "Sitges"]
[Date "2021.09.30"]
[Round "1.1"]
[White "Ghukasyan, Siranush"]
[Black "Buksa, Nataliya"]
[Result "1/2-1/2"]
[WhiteElo "2168"]
[BlackElo "2409"]
[PlyCount "64"]
[EventDate "2021.09.30"]
[EventType "team-k.o. (rapid)"]
[EventRounds "3"]
[EventCountry "ESP"]
[SourceTitle "CBM 204 Extra"]
[Source "ChessBase"]
[SourceDate "2021.11.30"]
[SourceVersion "1"]
[SourceVersionDate "2021.11.30"]
[SourceQuality "1"]
[WhiteTeam "Armenia (W)"]
[BlackTeam "Ukraine (W)"]
[WhiteTeamCountry "ARM"]
[BlackTeamCountry "UKR"]

1. e4 c5 2. Nf3 Nc6 3. Bb5 g6 4. Bxc6 bxc6 5. 0-0 Bg7 6. Re1 Qc7 7. c3 d6 8. h3 Nf6 9. d4 cxd4 10. cxd4 0-0 11. Nc3 c5 12. e5 dxe5 13. dxe5 Rd8 14. Qe2 Nd5 15. Nxd5 Rxd5 16. Bf4 Bb7 17. Rac1 Qb6 18. Rc3 Rad8 19. Rb3 Qc6 20. Qb5 Qxb5 21. Rxb5 R8d7 22. e6 fxe6 23. Ne5 Bxe5 24. Rxe5 c4 25. Rb4 Rxe5 26. Bxe5 Bd5 27. Rb8+ Kf7 28. Rh8 h5 29. Rh7+ Kf8 30. Rh8+ Kf7 31. Rh7+ Kf8 32. Rh8+ Kf7 1/2-1/2

[Event "Online Olym Div Top-A"]
[Site "Chess.com INT"]
[Date "2021.09.10"]
[Round "9.3"]
[White "Ghukasyan, Siranush"]
[Black "Huang, Qian"]
[Result "1-0"]
[WhiteElo "2168"]
[BlackElo "2433"]
[PlyCount "89"]
[EventDate "2021.09.08"]
[EventType "team (rapid)"]
[EventRounds "9"]
[EventCountry "USA"]
[SourceTitle "CBM 204 Extra"]
[Source "ChessBase"]
[SourceDate "2021.11.30"]
[SourceVersion "1"]
[SourceVersionDate "2021.11.30"]
[SourceQuality "1"]
[WhiteTeam "Armenia"]
[BlackTeam "China"]
[WhiteTeamCountry "ARM"]
[BlackTeamCountry "CHN"]

1. e4 d6 2. d4 e5 3. Nf3 exd4 4. Nxd4 Nf6 5. Nc3 Be7 6. Bc4 0-0 7. 0-0 c6 8. a4 Re8 9. Re1 Bf8 10. Bg5 h6 11. Bh4 Nbd7 12. f4 Qb6 13. Kh1 Qxb2 14. Qd2 Qb4 15. Ba2 Qa5 16. Nf5 Nh7 17. Re3 Ndf6 18. Nxd6 Bxd6 19. Qxd6 Be6 20. Bxe6 Rxe6 21. Qd3 Rd8 22. Qe2 Rd4 23. e5 Nd5 24. Nxd5 Qxd5 25. Qg4 Rg6 26. Qf3 Qxf3 27. Rxf3 Re6 28. Bf2 Rd2 29. Bxa7 Nf8 30. Rd3 Rxd3 31. cxd3 Re7 32. Bc5 Rd7 33. Bd6 Ne6 34. g3 f6 35. a5 fxe5 36. fxe5 Nd4 37. a6 bxa6 38. Rxa6 Kf7 39. Ra4 Nb5 40. Rc4 Nxd6 41. Rxc6 Re7 42. exd6 Re1+ 43. Kg2 Ke6 44. Rc7 g5 45. Re7+ 1-0

[Event "EU-ch (Women) 21st"]
[Site "Iasi"]
[Date "2021.08.19"]
[Round "10"]
[White "Ghukasyan, Siranush"]
[Black "Verbin, Valentina"]
[Result "0-1"]
[WhiteElo "2194"]
[BlackElo "2012"]
[PlyCount "116"]
[EventDate "2021.08.09"]
[EventType "swiss"]
[EventRounds "11"]
[EventCountry "ROU"]
[SourceTitle "CBM 203 Extra"]
[Source "ChessBase"]
[SourceDate "2021.09.30"]
[SourceVersion "1"]
[SourceVersionDate "2021.09.30"]
[SourceQuality "1"]

1. e4 c5 2. Nf3 d6 3. d4 cxd4 4. Nxd4 Nf6 5. Nc3 a6 6. Be3 e5 7. Nf3 Be7 8. Bc4 Be6 9. Bxe6 fxe6 10. Ng5 Qd7 11. Qf3 Nc6 12. Qh3 Nd8 13. Bb6 h6 14. Bxd8 Bxd8 15. 0-0-0 Ba5 16. Rd3 Ke7 17. Nf3 Bxc3 18. Rxc3 Rhc8 19. Nd2 Rxc3 20. Qxc3 Rc8 21. Qd3 b5 22. f3 a5 23. Rd1 a4 24. a3 Rc5 25. Nb1 Qc6 26. Nc3 Rc4 27. Na2 Qc5 28. Qe2 d5 29. exd5 Nxd5 30. c3 e4 31. fxe4 Ne3 32. Re1 Rxe4 33. Qd3 Qg5 34. Kb1 Qxg2 35. Re2 Qh1+ 36. Nc1 Nc4 37. Kc2 Rxe2+ 38. Qxe2 Qg1 39. Kb1 e5 40. Qc2 Qe1 41. Qg2 Qe4+ 42. Qxe4 Nd2+ 43. Kc2 Nxe4 44. b3 Kd6 45. bxa4 bxa4 46. Kd3 Nc5+ 47. Kc4 g5 48. Ne2 Ne4 49. Kb4 h5 50. h3 h4 51. Ng1 Nf2 52. Kc4 g4 53. hxg4 h3 54. Nf3 Nxg4 55. Ng5 h2 56. Ne4+ Kc6 57. Ng3 Nf2 58. Kb4 e4 0-1

[Event "EU-ch (Women) 21st"]
[Site "Iasi"]
[Date "2021.08.13"]
[Round "5"]
[White "Brunello, Marina"]
[Black "Ghukasyan, Siranush"]
[Result "1-0"]
[WhiteElo "2379"]
[BlackElo "2194"]
[PlyCount "67"]
[EventDate "2021.08.09"]
[EventType "swiss"]
[EventRounds "11"]
[EventCountry "ROU"]
[SourceTitle "CBM 203 Extra"]
[Source "ChessBase"]
[SourceDate "2021.09.30"]
[SourceVersion "1"]
[SourceVersionDate "2021.09.30"]
[SourceQuality "1"]

1. e4 e5 2. Nf3 Nc6 3. Bc4 Bc5 4. d3 Nf6 5. c3 d6 6. Bb3 a6 7. 0-0 0-0 8. Be3 Bxe3 9. fxe3 d5 10. exd5 Nxd5 11. Qe2 Be6 12. Nbd2 Qe7 13. Bc2 f6 14. Rae1 Bf7 15. Nh4 Rfe8 16. Nf5 Qf8 17. Ne4 Nce7 18. Nfg3 Kh8 19. d4 Ng6 20. c4 Nb4 21. d5 Nxa2 22. Qg4 Nb4 23. Bb1 c6 24. d6 Be6 25. Qh5 Qg8 26. Nxf6 gxf6 27. Rxf6 Nf8 28. Ref1 Bxc4 29. R1f5 Bd3 30. Bxd3 Nxd3 31. Rg5 Qc4 32. Qh6 Ng6 33. Rgxg6 Rg8 34. Qxh7+ 1-0

[Event "ARM-ch (Women) 76th"]
[Site "Yerevan"]
[Date "2021.02.20"]
[Round "5"]
[White "Mkrtchyan, Mariam"]
[Black "Ghukasyan, Siranush"]
[Result "1-0"]
[WhiteElo "2075"]
[BlackElo "2222"]
[PlyCount "117"]
[EventDate "2021.02.16"]
[EventType "tourn"]
[EventRounds "9"]
[EventCountry "ARM"]
[SourceTitle "CBM 200 Extra"]
[Source "ChessBase"]
[SourceDate "2021.03.31"]
[SourceVersion "1"]
[SourceVersionDate "2021.03.31"]
[SourceQuality "1"]

1. d4 d5 2. c4 c6 3. Nf3 Nf6 4. Nc3 e6 5. e3 Nbd7 6. b3 Bb4 7. Bd2 Qe7 8. Bd3 e5 9. Be2 e4 10. Ng5 h6 11. Nh3 g5 12. Qc2 Nf8 13. a3 Bxh3 14. axb4 Bxg2 15. Rg1 Bf3 16. Bxf3 exf3 17. Qf5 Ne6 18. 0-0-0 a5 19. b5 a4 20. bxa4 dxc4 21. Kc2 Nd5 22. Nxd5 cxd5 23. Ra1 0-0 24. Qxd5 Qf6 25. Bc3 Rfd8 26. Qxb7 Qf5+ 27. Kb2 Rab8 28. Qa7 Ra8 29. Qe7 Re8 30. Qd6 Kh7 31. Rgd1 Rad8 32. Qe5 Qg6 33. Qg3 Nf4 34. Qxf3 Nd3+ 35. Rxd3 cxd3 36. d5 Rc8 37. Qf6 Qxf6 38. Bxf6 Rc2+ 39. Kb3 Rxf2 40. Bd4 d2 41. Rd1 g4 42. b6 Rxh2 43. a5 g3 44. b7 g2 45. e4 Rh1 46. Rxd2 g1Q 47. Bxg1 Rxg1 48. a6 Ra1 49. Ra2 Rb1+ 50. Kc2 Rb6 51. Kd3 Rb8 52. Kc4 Rxa6 53. Rxa6 Rxb7 54. d6 Rb1 55. Kd5 Rd1+ 56. Kc6 Rc1+ 57. Kb7 Rd1 58. Kc7 Rc1+ 59. Rc6 1-0

[Event "EU-ch Online U2300 Final"]
[Site "Chess.com INT"]
[Date "2020.05.26"]
[Round "8"]
[White "Bashirli, Nail Qoshqar"]
[Black "Ghukasyan, Siranush"]
[Result "1-0"]
[WhiteElo "2382"]
[BlackElo "2222"]
[PlyCount "51"]
[EventDate "2020.05.26"]
[EventType "swiss"]
[EventRounds "8"]
[EventCountry "NET"]
[SourceTitle "CBM 196 Extra"]
[Source "ChessBase"]
[SourceDate "2020.07.31"]
[SourceVersion "1"]
[SourceVersionDate "2020.07.31"]
[SourceQuality "1"]

1. e4 e5 2. Nf3 Nc6 3. Nc3 Nf6 4. Bb5 Nd4 5. Bc4 Bc5 6. 0-0 0-0 7. d3 d6 8. h3 h6 9. Be3 Nxf3+ 10. Qxf3 Bb6 11. Rad1 Be6 12. Bb3 Nd7 13. Qg3 Bxe3 14. Qxe3 Bxb3 15. axb3 f5 16. exf5 Rxf5 17. Qe4 Rf4 18. Qxb7 Nc5 19. Qd5+ Kh8 20. d4 Nd7 21. dxe5 Nxe5 22. Rfe1 Qf8 23. Rf1 Re8 24. f3 Rf5 25. Qd2 Rg5 26. f4 1-0

[Event "EU-ch Online U2300 Final"]
[Site "Chess.com INT"]
[Date "2020.05.26"]
[Round "3"]
[White "Salimova, Nurgyul"]
[Black "Ghukasyan, Siranush"]
[Result "0-1"]
[WhiteElo "2372"]
[BlackElo "2222"]
[PlyCount "90"]
[EventDate "2020.05.26"]
[EventType "swiss"]
[EventRounds "8"]
[EventCountry "NET"]
[SourceTitle "CBM 196 Extra"]
[Source "ChessBase"]
[SourceDate "2020.07.31"]
[SourceVersion "1"]
[SourceVersionDate "2020.07.31"]
[SourceQuality "1"]

1. d4 d5 2. c4 c6 3. cxd5 cxd5 4. Nc3 Nf6 5. Bf4 Nc6 6. e3 Bf5 7. Qb3 Na5 8. Qa4+ Bd7 9. Qc2 e6 10. Bd3 Be7 11. Nf3 0-0 12. 0-0 a6 13. Ne5 b5 14. Bg5 h6 15. Bh4 Rc8 16. a3 Bc6 17. f4 Bb7 18. f5 exf5 19. Bxf5 Rc7 20. Rf3 Nc4 21. Bxf6 Bxf6 22. Nxc4 dxc4 23. Be4 Re8 24. Raf1 Bg5 25. Bxb7 Rxb7 26. Ne4 Qd5 27. Nxg5 Qxg5 28. e4 Rbe7 29. e5 Qg4 30. Qf2 Qe6 31. Rf6 gxf6 32. exf6 Qe3 33. fxe7 Rxe7 34. Rd1 Qb3 35. Qg3+ Qxg3 36. hxg3 Re2 37. d5 Kf8 38. d6 Ke8 39. d7+ Kd8 40. Rd6 a5 41. Ra6 Rxb2 42. Rxa5 c3 43. Ra8+ Kxd7 44. Ra7+ Kd6 45. Ra6+ Kd5 0-1

[Event "Rasht Khazar op 18th"]
[Site "Rasht"]
[Date "2020.02.17"]
[Round "6"]
[White "Ghukasyan, Siranush"]
[Black "Evdokimov, Alexander A"]
[Result "1-0"]
[WhiteElo "2195"]
[BlackElo "2490"]
[PlyCount "109"]
[EventDate "2020.02.13"]
[EventType "swiss"]
[EventRounds "9"]
[EventCountry "IRI"]
[SourceTitle "CBM 195 Extra"]
[Source "ChessBase"]
[SourceDate "2020.05.31"]
[SourceVersion "1"]
[SourceVersionDate "2020.05.31"]
[SourceQuality "1"]

1. e4 c5 2. Nf3 d6 3. d4 cxd4 4. Nxd4 Nf6 5. Nc3 Nc6 6. Bg5 e6 7. Qd2 Be7 8. 0-0-0 0-0 9. f3 Nxd4 10. Qxd4 a6 11. h4 b5 12. a3 Bb7 13. Kb1 Rc8 14. Be2 Qc7 15. h5 h6 16. Bh4 d5 17. exd5 Rfd8 18. Qd2 Nxd5 19. Bxe7 Qxe7 20. Nxd5 Bxd5 21. Qa5 Rb8 22. Bd3 Rd6 23. Rhe1 Rbd8 24. Qd2 Bc4 25. Re3 Bxd3 26. Rxd3 Rxd3 27. cxd3 Qd6 28. Qe3 b4 29. axb4 Qxb4 30. Rc1 Qb5 31. Rc5 Qxd3+ 32. Qxd3 Rxd3 33. Kc2 Rd6 34. Rc8+ Kh7 35. Rc7 Kg8 36. Rc8+ Kh7 37. Rc7 f5 38. Kc3 Kg8 39. b4 Kf8 40. f4 Rd5 41. Ra7 e5 42. Rxa6 exf4 43. Ra5 Rd6 44. Rxf5+ Ke7 45. Rxf4 g6 46. Re4+ Kf6 47. hxg6 Kxg6 48. b5 Kf5 49. Re2 Rd1 50. b6 Rc1+ 51. Rc2 Rb1 52. Rb2 Rc1+ 53. Kd4 Rd1+ 54. Kc5 Rc1+ 55. Kb5 1-0

[Event "ARM-ch (Women) 75th"]
[Site "Yerevan"]
[Date "2020.01.20"]
[Round "9"]
[White "Ghukasyan, Siranush"]
[Black "Hakobyan, Astghik"]
[Result "1-0"]
[WhiteElo "2246"]
[BlackElo "1917"]
[PlyCount "109"]
[EventDate "2020.01.12"]
[EventType "tourn"]
[EventRounds "9"]
[EventCountry "ARM"]
[SourceTitle "CBM 194 Extra"]
[Source "ChessBase"]
[SourceDate "2020.03.31"]
[SourceVersion "1"]
[SourceVersionDate "2020.03.31"]
[SourceQuality "1"]

1. e4 e6 2. d4 d5 3. Nc3 Bb4 4. a3 Bxc3+ 5. bxc3 dxe4 6. Qg4 Nf6 7. Qxg7 Rg8 8. Qh6 c5 9. Ne2 Nc6 10. dxc5 Rg6 11. Qd2 Qa5 12. Nd4 e3 13. Qxe3 Nd5 14. Qd3 Qxc5 15. Nxc6 Qxc6 16. c4 Nf6 17. Bb2 Bd7 18. 0-0-0 Ng4 19. Qd2 0-0-0 20. f3 Nh6 21. Bd3 f5 22. Rhe1 Nf7 23. Qf2 Kb8 24. Bf1 Ka8 25. g3 Qc7 26. f4 Bc6 27. Rxd8+ Qxd8 28. Bg2 Bxg2 29. Qxg2 Qc8 30. Rd1 Rg8 31. Qe2 Rd8 32. Re1 Re8 33. Rd1 Rd8 34. Rxd8 Nxd8 35. Qd3 Nf7 36. Qd4 b6 37. Qg7 Nd6 38. Qxh7 Qxc4 39. Qh8+ Kb7 40. Qg7+ Ka6 41. Qd4 Qc6 42. h4 Ne4 43. h5 Qe8 44. Qd3+ Kb7 45. g4 Qc6 46. h6 Nc5 47. Qd1 Qc7 48. Qh1+ Ka6 49. h7 Nb3+ 50. Kb1 Nd2+ 51. Ka1 Qxc2 52. h8Q Nb3+ 53. Ka2 Qc4 54. Qc3 Nc1+ 55. Kb1 1-0

[Event "ARM-ch (Women) 75th"]
[Site "Yerevan"]
[Date "2020.01.15"]
[Round "4"]
[White "Ghukasyan, Siranush"]
[Black "Khachatryan, Veronika"]
[Result "1-0"]
[WhiteElo "2246"]
[BlackElo "1905"]
[PlyCount "65"]
[EventDate "2020.01.12"]
[EventType "tourn"]
[EventRounds "9"]
[EventCountry "ARM"]
[SourceTitle "CBM 194 Extra"]
[Source "ChessBase"]
[SourceDate "2020.03.31"]
[SourceVersion "1"]
[SourceVersionDate "2020.03.31"]
[SourceQuality "1"]

1. e4 c5 2. Nf3 Nc6 3. Bb5 g6 4. Bxc6 dxc6 5. d3 Bg7 6. h3 Nf6 7. Nc3 Nd7 8. Be3 e5 9. Qd2 h6 10. 0-0 Qe7 11. Nh2 Nf8 12. f4 exf4 13. Bxf4 Ne6 14. Bg3 Nd4 15. Rae1 0-0 16. e5 Bf5 17. Ne4 Bxe4 18. Rxe4 h5 19. Bh4 Qd7 20. Bf6 Rae8 21. g4 h4 22. c3 Nb5 23. Nf3 Nc7 24. Nxh4 Re6 25. Rf3 Ne8 26. g5 Qd5 27. c4 Qd7 28. Ng2 Nc7 29. Qf2 b6 30. Qh4 Rfe8 31. Bxg7 Kxg7 32. Qh6+ Kg8 33. Rh4 1-0

[Event "EU-chT (Women) 22nd"]
[Site "Batumi"]
[Date "2019.10.30"]
[Round "6.2"]
[White "Ghukasyan, Siranush"]
[Black "Rogule, Laura"]
[Result "0-1"]
[WhiteElo "2261"]
[BlackElo "2269"]
[PlyCount "106"]
[EventDate "2019.10.24"]
[EventType "team-swiss"]
[EventRounds "9"]
[EventCountry "GEO"]
[SourceTitle "CBM 192 Extra"]
[Source "Chessbase"]
[SourceDate "2019.11.06"]
[SourceVersion "1"]
[SourceVersionDate "2019.11.06"]
[SourceQuality "1"]
[WhiteTeam "Armenia (W)"]
[BlackTeam "Latvia (W)"]
[WhiteTeamCountry "ARM"]
[BlackTeamCountry "LAT"]

1. e4 c5 2. Nf3 d6 3. d4 cxd4 4. Nxd4 Nf6 5. Nc3 a6 6. Be3 e5 7. Nf3 Qc7 8. a4 Be6 9. Be2 Nbd7 10. 0-0 h6 11. Ne1 Nb6 12. Bxb6 Qxb6 13. Nd5 Bxd5 14. exd5 Be7 15. Ra3 0-0 16. Rb3 Qc7 17. Kh1 Nd7 18. f4 exf4 19. Rxf4 Nc5 20. Ra3 Bg5 21. Rf1 Rae8 22. Bg4 Re4 23. a5 Rfe8 24. Bf5 Ra4 25. Rxa4 Nxa4 26. b3 Nc3 27. Qd3 Qxa5 28. Nf3 Bf6 29. Bh3 Nxd5 30. Qf5 Qc5 31. Qd7 Rd8 32. Qxb7 Ne3 33. Rg1 Qxc2 34. Qb6 Nd1 35. Rf1 Qd3 36. Re1 d5 37. Ne5 Qd2 38. Rf1 d4 39. Ng4 Bg5 40. Qb7 Rf8 41. Qf3 Ne3 42. Nxe3 dxe3 43. Bg4 a5 44. Qe4 Qb2 45. Qc4 Qe5 46. Bh5 Bf6 47. Bf3 Rd8 48. Re1 g6 49. Qe2 Rc8 50. Qa6 Rc2 51. Qb6 Qc3 52. Qb8+ Kg7 53. Qg3 Be5 0-1

[Event "EU-chT (Women) 22nd"]
[Site "Batumi"]
[Date "2019.10.25"]
[Round "2.5"]
[White "Skripchenko, Almira"]
[Black "Ghukasyan, Siranush"]
[Result "1-0"]
[WhiteElo "2403"]
[BlackElo "2261"]
[PlyCount "115"]
[EventDate "2019.10.24"]
[EventType "team-swiss"]
[EventRounds "9"]
[EventCountry "GEO"]
[SourceTitle "CBM 192 Extra"]
[Source "Chessbase"]
[SourceDate "2019.11.06"]
[SourceVersion "1"]
[SourceVersionDate "2019.11.06"]
[SourceQuality "1"]
[WhiteTeam "France (W)"]
[BlackTeam "Armenia (W)"]
[WhiteTeamCountry "FRA"]
[BlackTeamCountry "ARM"]

1. e4 e5 2. Nf3 Nc6 3. Bb5 a6 4. Ba4 Nf6 5. Nc3 d6 6. Bxc6+ bxc6 7. d4 exd4 8. Nxd4 Bd7 9. Qf3 Bg4 10. Qd3 c5 11. Nde2 Be7 12. h3 Bd7 13. 0-0 0-0 14. Ng3 Re8 15. b3 Bf8 16. Bb2 Bc6 17. Rad1 Bb7 18. Rfe1 g6 19. Qc4 Bg7 20. Na4 Nd7 21. Bxg7 Kxg7 22. Re3 Qe7 23. Nc3 Kg8 24. Qe2 Qf6 25. Nf1 Ne5 26. Nd2 Qg7 27. Qf1 Nd7 28. Nc4 a5 29. Qe1 Ne5 30. Nxe5 Rxe5 31. Qd2 Bc6 32. a4 Rae8 33. Rde1 Qh6 34. Qd3 Ra8 35. Nb5 Bxb5 36. Qxb5 Qf8 37. f4 Re7 38. e5 Qe8 39. Qc4 Qc6 40. f5 Rae8 41. e6 fxe6 42. f6 d5 43. Qg4 Rf7 44. Rxe6 Rxe6 45. Rxe6 Qd7 46. Qe2 Rf8 47. Qe5 c4 48. bxc4 dxc4 49. c3 Rf7 50. Qe4 Rf8 51. Qxc4 Kh8 52. Qe4 Kg8 53. Qe5 Qd1+ 54. Kh2 Qd7 55. c4 c5 56. Rd6 Qc7 57. h4 Qc8 58. Qe7 1-0

[Event "Tbilisi Gaprindashvili Cup"]
[Site "Tbilisi"]
[Date "2019.09.27"]
[Round "7"]
[White "Ghukasyan, Siranush"]
[Black "Zhukova, Natalia"]
[Result "0-1"]
[WhiteElo "2261"]
[BlackElo "2333"]
[PlyCount "54"]
[EventDate "2019.09.21"]
[EventType "swiss"]
[EventRounds "9"]
[EventCountry "GEO"]
[SourceTitle "EXT 2020"]
[Source "ChessBase"]
[SourceDate "2019.10.17"]
[SourceVersion "1"]
[SourceVersionDate "2019.10.17"]
[SourceQuality "1"]

1. e4 e5 2. Nf3 Nc6 3. Bb5 a6 4. Ba4 Nf6 5. d3 d6 6. c3 g6 7. 0-0 Bg7 8. Re1 0-0 9. Nbd2 b5 10. Bc2 Bb7 11. a4 Re8 12. d4 exd4 13. cxd4 Nb4 14. Bb1 c5 15. d5 Nd7 16. Qb3 Qa5 17. Ra3 Nb6 18. Qd1 c4 19. axb5 Qxb5 20. Nf1 Nd7 21. Nd4 Qc5 22. Be3 Nxd5 23. exd5 Bxd4 24. Bxd4 Rxe1 25. Qxe1 Qxd4 26. Qb4 Nc5 27. b3 Qb2 0-1

[Event "Tbilisi Gaprindashvili Cup"]
[Site "Tbilisi"]
[Date "2019.09.26"]
[Round "6"]
[White "Ghukasyan, Siranush"]
[Black "Chkhaidze, Nikoloz"]
[Result "1/2-1/2"]
[WhiteElo "2261"]
[BlackElo "2333"]
[PlyCount "55"]
[EventDate "2019.09.21"]
[EventType "swiss"]
[EventRounds "9"]
[EventCountry "GEO"]
[SourceTitle "EXT 2020"]
[Source "ChessBase"]
[SourceDate "2019.10.17"]
[SourceVersion "1"]
[SourceVersionDate "2019.10.17"]
[SourceQuality "1"]

1. e4 c5 2. Nf3 Nc6 3. Bb5 g6 4. Bxc6 bxc6 5. 0-0 Bg7 6. Re1 Nh6 7. c3 0-0 8. d4 cxd4 9. cxd4 d5 10. e5 f6 11. exf6 exf6 12. Nc3 g5 13. h3 Nf5 14. Na4 h5 15. Nc5 Re8 16. Bd2 g4 17. hxg4 hxg4 18. Nh2 Nxd4 19. Nxg4 Rxe1+ 20. Bxe1 Qd6 21. Qxd4 f5 22. Qe3 fxg4 23. Qe8+ Kh7 24. Rc1 Qg6 25. Qd8 Qf6 26. Qe8 Qg6 27. Qd8 Qf6 28. Qe8 1/2-1/2